| 000 | 00653nam a22002177a 4500 | ||
|---|---|---|---|
| 001 | 0011759 | ||
| 003 | DO-SdBNP | ||
| 005 | 20180208100953.0 | ||
| 007 | 0011759 | ||
| 008 | 161110b 2006 sp||||| |||| 00| 0 spa d | ||
| 040 |
_aBPMSU _bspa _cBPMSU |
||
| 082 |
_axxxxxxxxxx _bxxxxxxxxx |
||
| 100 | 1 | _aFraguas, Antonio | |
| 245 | 1 | 3 |
_aEl ambiente siempre está en medio / _cJoaquín Araújo ; dibujos Antonio Fraguas |
| 260 |
_aMadrid : _bObras social caja madrid, _c2006 |
||
| 300 |
_a124 p. : _bil., _c21 cm. |
||
| 700 | 1 |
_aFraguas, Antonio, _edibujos |
|
| 942 |
_2ddc _cBK |
||
| 945 | _ainventariado, 2018 / dg | ||
| 956 |
_aBTAVÁREZ _b10 _c20161110 _d0011759 |
||
| 999 |
_c11895 _d11895 |
||